| 000 | 01242nam a2200361 a 4500 | ||
|---|---|---|---|
| 001 | 000111349 | ||
| 003 | CHAP | ||
| 005 | 20260409110612.0 | ||
| 008 | 150327s2014 mx a |sm |||||||spa d | ||
| 040 | _cCHAP | ||
| 090 | _aTesis | ||
| 100 | 1 |
_aHernández López, Adriana Guadalupe _9129199 |
|
| 245 | 1 | 0 |
_aDiagnóstico nutrimental de cafetales orgánicos de la región Pluma Hidalgo Oaxaca _cpor Adriana Guadalupe Hernandez López. |
| 245 | 1 | 0 | _h[En línea] |
| 260 |
_aHuatusco, Ver. : _bEl autor, _c2014. |
||
| 500 | _aPara ver el contenido del material haga clic en la liga | ||
| 502 | _aTesis (Ing. Agr. Esp. en Zonas Tropicales) -- UACH. Dirección General de Centros Regionales | ||
| 590 |
_aE5652GLJ _b05 _c20150327 |
||
| 590 |
_aE5652GLJ _b05 _c20150327 |
||
| 590 |
_aE5652GLJ _b05 _c20150330 |
||
| 590 |
_aE5652GLJ _b05 _c20150414 |
||
| 650 | 1 | 4 |
_aAbonos _xEfecto en café. _9242 |
| 650 | 1 | 4 |
_aCafé orgánico _xProducción. _9129215 |
| 650 | 1 | 4 |
_aSuelos _xMejoramiento. _9110431 |
| 650 | 1 | 4 |
_aAbonos _xEfecto en suelos _9265 |
| 856 |
_uhttp://10.13.5.2/tesis/sist111349.pdf _zTeclea aquí |
||
| 856 | _aFinding aid | ||
| 901 | _aBK | ||
| 942 |
_cTESIS _2ddc |
||
| 942 |
_n0 _2ddc |
||
| 999 |
_c107811 _d107811 |
||